[Event "ESP-ch U16"]
[Site "Padron"]
[Date "2008.07.22"]
[Round "5"]
[White "Perez Cuadrado Robles, Alejandro"]
[Black "Arregui Untoria, Carlos"]
[Result "1-0"]
[WhiteElo "1885"]
[BlackElo "2012"]
[PlyCount "139"]
[EventDate "2008.07.20"]
[EventType "swiss"]
[EventRounds "9"]
[EventCountry "ESP"]
[SourceTitle "EXT 2010"]
[Source "ChessBase"]
[SourceDate "2010.11.25"]
[SourceVersion "1"]
[SourceVersionDate "2010.11.25"]
[SourceQuality "1"]

1. e4 c5 2. Nf3 d6 3. d4 Nf6 4. Nc3 cxd4 5. Nxd4 a6 6. Be3 e5 7. Nb3 Be6 8. Nd5 Bxd5 9. exd5 Nbd7 10. Be2 Qc7 11. 0-0 g6 12. Qd2 Bg7 13. c4 b6 14. Rac1 0-0 15. Qc2 Ne8 16. f4 f5 17. fxe5 dxe5 18. Qd3 e4 19. Qd2 Nc5 20. Nxc5 bxc5 21. b4 cxb4 22. c5 Bc3 23. Rxc3 bxc3 24. Qxc3 Nd6 25. Qe5 Nb5 26. Qxc7 Nxc7 27. d6 Nb5 28. a4 Na7 29. Bxa6 Rfd8 30. Bb7 Rab8 31. c6 Nxc6 32. Bxc6 Rxd6 33. Bf4 Rxc6 34. Bxb8 Ra6 35. Ra1 g5 36. a5 Kf7 37. Bc7 Ke6 38. Bb6 f4 39. Rc1 Ra8 40. Rc7 g4 41. Rxh7 e3 42. Bc7 f3 43. gxf3 gxf3 44. Rh3 Rc8 45. Rxf3 Rxc7 46. Rxe3+ Kf5 47. Ra3 Rg7+ 48. Kf2 Rh7 49. h3 Ke5 50. a6 Rf7+ 51. Ke2 Ra7 52. Ra4 Kd5 53. Kf3 Kc5 54. h4 Kb6 55. h5 Rf7+ 56. Kg4 Ka7 57. h6 Rf1 58. Kg5 Rg1+ 59. Rg4 Rh1 60. Kg6 Rc1 61. Rf4 Rg1+ 62. Kf7 Rh1 63. Rf6 Rh2 64. Kg7 Rg2+ 65. Rg6 Rc2 66. h7 Rc7+ 67. Kh6 Rc8 68. Rg7+ Kxa6 69. Rg8 Rc6+ 70. Rg6 1-0